000 00272 a2200145 4500
001 158352
020 _a
040 _cMagnum
100 _aRose, Jonathan E.
240 1 0 _aBismarck
_lpor
245 1 0 _aBismarck
362 0 _a1899
697 _aBIOGRAFIA
942 _cBK
999 _c158352
_d158352